000 00291nam a2200109Ia 4500
008 200302s9999 xx 000 0 und d
100 _aSpiro Kostof
245 _aThe city shaped urban patterns and meanings through history
260 _bThames and Hudson Ltd.
260 _c1993
300 _a352
999 _c6024
_d6024